Tax aspects of cross-border hybrid instruments
Cross-border (hybridné finančné nástroje), ktoré sú využívané spoločnosťami s inými daňovými režimmi platieb v dvoch jurisdikciách, aby sa dosiahlo nezdanenie týchto platieb. Zhodnotenie daňových dopadov týkajúcich sa hybridných finančných nástrojov.
Gespeichert in:
| 1. Verfasser: | |
|---|---|
| Format: | Buchkapitel |
| Sprache: | Englisch |
| Schlagworte: | |
| Tags: |
Keine Tags, Fügen Sie das erste Tag hinzu!
|
MARC
| LEADER | 00000nla a2200000 4500 | ||
|---|---|---|---|
| 001 | 0199331 | ||
| 005 | 20240502073355.1 | ||
| 041 | 0 | |a eng | |
| 044 | |a SK | ||
| 245 | 1 | 0 | |a Tax aspects of cross-border hybrid instruments |c Miroslava Záhumenská |
| 520 | |a Cross-border (hybridné finančné nástroje), ktoré sú využívané spoločnosťami s inými daňovými režimmi platieb v dvoch jurisdikciách, aby sa dosiahlo nezdanenie týchto platieb. Zhodnotenie daňových dopadov týkajúcich sa hybridných finančných nástrojov. | ||
| 610 | 2 | 0 | |a dane |
| 610 | 2 | 0 | |a zdanenie dvojité |
| 610 | 2 | 0 | |a zdaňovanie medzinárodné |
| 610 | 2 | 0 | |a politika daňová |
| 610 | 2 | 0 | |a systémy daňové |
| 610 | 2 | 0 | |a povinnosť daňová |
| 610 | 2 | 0 | |a dopad daňový |
| 100 | 1 | |a Záhumenská, Miroslava | |